000 00381nam a2200121Ia 4500
008 220615s9999||||xx |||||||||||||| ||und||
100 _aKe Xu
245 0 _aTumor Metastasis
546 _aEnglish[eng]
650 _aLife Sciences||Microbiology||Genetics and Molecular Biology||Biochemistry||Cancer Biology
856 _uhttps://www.intechopen.com/books/tumor-metastasis
942 _cEB
999 _c9494
_d9494